000 00273nam a22001217a 4500
003 SGT
082 _a618.92
_bP01O
100 _aORLOWSKI , JAMES P
245 _aTHE PEDIATRIC CLINICS OF NORTH AMERICA
260 _aINDIA
_bSAUNDERS
_c2001
300 _a821
942 _2ddc
_cBK
999 _c14038
_d14038